Statistics for Eurovision Song Lyrics - Czechia

Click here to take the quiz!

General Stats

  • This quiz has been taken 15 times
  • The average score is 160 of 262

Answer Stats

Answer% Correct
I
86%
I,
86%
my
86%
a
79%
on
79%
to
79%
me,
71%
me
71%
myself
71%
pedestal)
71%
pedestal
71%
Put
71%
(Put
71%
be
64%
go?
64%
learn
64%
Love
64%
love
64%
(Loving
64%
loving
64%
Loving
64%
more,
64%
more
64%
more)
64%
need
64%
will
64%
you
64%
You
64%
no
57%
the
57%
your
57%
Your
57%
and
50%
And
50%
bullshit
50%
it
50%
it,
50%
learned
50%
not
50%
so
50%
than
50%
then
50%
any
43%
don't
43%
else
43%
everything
43%
finally
43%
For
43%
force
43%
free,
43%
free
43%
full
43%
get
43%
give
43%
I'll
43%
I'm
43%
life,
43%
means
43%
nothing
43%
of
43%
same
43%
same,
43%
sorry
43%
stay
43%
stays
43%
Stays
43%
things
43%
tired
43%
truly
43%
when
43%
You're
43%
all
36%
ask
36%
but
36%
did
36%
explaining
36%
irony
36%
just
36%
know
36%
now
36%
or
36%
please
36%
pride
36%
proof
36%
shit
36%
Where
36%
action
29%
feel
29%
shame,
29%
should
29%
silent,
29%
violent
29%
yeah
29%
pedeѕtal)
0%
Yeаh
0%

Score Distribution

Percentile by Number Answered

Percent of People with Each Score

Your Score History

You have not taken this quiz